| 000 | 00380nam a22001577a 4500 | ||
|---|---|---|---|
| 003 | CEME | ||
| 005 | 20210628203151.0 | ||
| 008 | 210119b xxu||||| |||| 00| 0 eng d | ||
| 040 | _cceme | ||
| 082 | _a006.7 HAB | ||
| 100 |
_aHabib-Ur-Rehman _963735 |
||
| 245 | _aWeb designing in 24 hour | ||
| 260 |
_aLAHORE _bISLAMIC PUBLICATIONS _c2003 |
||
| 300 | _a205 P | ||
| 942 |
_cBK _2ddc |
||
| 999 |
_c572464 _d572464 |
||